000 00633nam a2200229Ia 4500
003 OSt
005 20220918183322.0
006 a|||||r|||| 00| 0
007 ta
008 220917b |||||||| |||| 00| 0 eng d
024 _a37,314
037 _cTextual
040 _aARTS
_cARTS
_beng
041 _2eng
_aeng
082 _aO13:1D30x, 111B5
100 _aHomer
245 0 _aWorks
_b Iiiad and Odyssey tr into English metre by George Chapman and ed by Richard Herne Shephaerd
260 _c1885
650 _aENGLISH LITERATURE
942 _hO13:1D30x, 111B5
_cTEXL
_2CC
999 _c172227
_d172227